|
|
|
|
| LEADER |
00722cam a2200193 7i4500 |
| 001 |
0000037059 |
| 005 |
20170310090000.0 |
| 008 |
110311 eng |
| 020 |
|
|
|a 9781412934985 (hbk.)
|
| 090 |
0 |
0 |
|a HV11
|b .S29 2010
|
| 245 |
0 |
4 |
|a The SAGE handbook of social work research
|c edited by Ian Shaw ... [et al.].
|
| 260 |
|
|
|a Los Angeles:
|b SAGE,
|c 2010.
|
| 300 |
|
|
|a xxiv, 572 p.:
|b ill.;
|c 26 cm.
|
| 504 |
|
|
|a Includes bibliographical references and index
|
| 650 |
0 |
0 |
|a Social service --
|x Research
|
| 700 |
1 |
|
|a Shaw, Ian
|
| 997 |
|
|
|a Education & Social Sciences, Faculty
|b Social Sciences, Department
|
| 998 |
|
|
|a Industrial Psychology, Degree
|
| 999 |
|
|
|a 0000046471
|b BOK
|c REFERENCE
|e Ground Floor, Bestari Jaya
|